000
00271nam a2200109Ia 4500
008
191201s2015 xx 000 0 und d
100
_a
MALL, Rajib
245
0
_a
Fundamentals of Software Engineering
250
_a
4th
260
_c
2015
_b
PHI
_a
NEW DELHI
942
_2
ddc
_c
BK
_0
1
999
_c
7951
_d
7951